| 000 | 01357nam a2200397 i 4500 | ||
|---|---|---|---|
| 001 | 30573 | ||
| 003 | KOSZ 005 | ||
| 005 | 20191122083042.0 | ||
| 008 | s1995 pl a f |000 0 pol | ||
| 020 | _a8304042797 | ||
| 040 |
_cBPK _dKOSZ 005/EG |
||
| 041 | 0 | _apol | |
| 046 | _k1995 | ||
| 080 | _a536.7 | ||
| 080 | _a532 | ||
| 080 | _a517.9 | ||
| 080 | _a519.61/.65 | ||
| 100 | 1 |
_aMikielewicz, Jarosław _d(1941- ). _eAutor |
|
| 245 | 1 | 0 |
_aModelowanie procesów cieplno-przepływowych / _cJarosław Mikielewicz ; Polska Akademia Nauk. Instytut Maszyn Przepływowych. |
| 260 |
_aWrocław [i in.] : _bZakład Narodowy im. Ossolińskich, _c1995. |
||
| 300 |
_a194 s. : _brys., wykr. ; _c25 cm. |
||
| 380 | _aKsiążki. | ||
| 388 | _a1901-2000 | ||
| 490 | 1 |
_aMaszyny Przepływowe, _x0860-3324 ; _vt. 17 |
|
| 504 | _aBibliogr. s. 192-194. | ||
| 658 | _aInżynieria i technika | ||
| 658 | _aFizyka i astronomia | ||
| 650 | 4 | _aAnaliza numeryczna | |
| 650 | 4 | _aRównania różniczkowe | |
| 650 | 4 | _aMechanika płynów | |
| 650 | 4 | _aTermodynamika | |
| 710 | 2 |
_aZakład Narodowy im. Ossolińskich _bWydawnictwo _4pbl. |
|
| 830 |
_aMaszyny Przepływowe, _vt. 17 |
||
| 856 |
_uhttp://koha.tu.koszalin.pl/cgi-bin/koha/opac-detail.pl?biblionumber=30573 _yKatalog online BPK |
||
| 942 |
_2UKD _cKS |
||
| 999 |
_c30573 _d30573 |
||